书目信息 |
| 题名: |
中文专业论文写作导论
|
|
| 作者: | 陈果安 主编 ;王进庄 , 李作霖 编著 | |
| 分册: | ||
| 出版信息: | 长沙 中南大学出版社 2004.4重印 |
|
| 页数: | 380页 | |
| 开本: | 21cm | |
| 丛书名: | 现代写作学丛书 | |
| 单 册: | ||
| 中图分类: | H152.2 | |
| 科图分类: | ||
| 主题词: | 论文--lun wen--写作--高等学校--教学参考资料 , 论文--lun wen , 写作--xie zuo | |
| 电子资源: | ||
| ISBN: | 7-81061-545-9 | |
| 000 | 01024nam0 2200289 45 | |
| 001 | 012005000794 | |
| 005 | 20061226111120.73 | |
| 010 | @a7-81061-545-9@dCNY16.00 | |
| 100 | @a20050802e2004 em y0chiy0121 ea | |
| 101 | 0 | @achi |
| 102 | @aCN@b430000 | |
| 105 | @ay z 000yy | |
| 200 | 1 | @a中文专业论文写作导论@Azhong wen zhuan ye lun wen xie zuo dao lun@f陈果安主编@g陈果安, 王进庄, 李作霖等编著 |
| 210 | @a长沙@c中南大学出版社@d2004.4重印 | |
| 215 | @a380页@d21cm | |
| 225 | 2 | @a现代写作学丛书@Axian dai xie zuo xue cong shu@f陈果安, 余佐辰主编 |
| 330 | @a本书有六章: 绪论、论文的选题、论文的资料搜集、论文的研究过程、文学批评方法简介、论文的执笔行文。 | |
| 410 | 0 | @12001 @a现代写作学丛书 |
| 606 | 0 | @a论文@Alun wen@x写作@x高等学校@j教学参考资料 |
| 606 | 0 | @a论文@Alun wen |
| 606 | 0 | @a写作@Axie zuo |
| 690 | @aH152.2@v4 | |
| 701 | 0 | @a陈果安@Achen guo an@4主编 |
| 702 | 0 | @a王进庄@Awang jin zhuang@4编著 |
| 702 | 0 | @a李作霖@Ali zuo lin@4编著 |
| 801 | 0 | @aCN@c20061226 |
| 905 | @a10447@dH152.2@eC420 | |
| 中文专业论文写作导论/陈果安主编/陈果安, 王进庄, 李作霖等编著.-长沙:中南大学出版社,2004.4重印 |
| 380页;21cm.-(现代写作学丛书/陈果安, 余佐辰主编) |
| ISBN 7-81061-545-9:CNY16.00 |
| 本书有六章: 绪论、论文的选题、论文的资料搜集、论文的研究过程、文学批评方法简介、论文的执笔行文。 |
| ● |
| 相关链接 |
|
|
|
正题名:中文专业论文写作导论
索取号:H152.2/C420
 
预约/预借
| 序号 | 登录号 | 条形码 | 馆藏地/架位号 | 状态 | 备注 |
| 1 | 641014 | 206410141 | 语言库209/209语言库 74排2列4层/ [索取号:H152.2/C420] | 在馆 | |
| 2 | 641015 | 206410150 | 语言库209/209语言库 74排2列4层/ [索取号:H152.2/C420] | 在馆 | |
| 3 | 641016 | 206410169 | 语言库209/209语言库 74排2列4层/ [索取号:H152.2/C420] | 在馆 |